The National provisioner.

Bibliographic Details
Corporate Author: American Meat Institute
Other Authors: Senner, Joseph Henry, 1846-1908, Hobbs, John F.
Format: Journal
Language:English
Published: New York : [The National provisioner publishing co.; etc., etc.], 18.
Subjects:
Online Availability: Check for online availability

MARC

Tag First Indicator Second Indicator Subfields
LEADER 00000cas a2200000 4500
001 in00000044350
005 20151007072913.0
008 750907c18uu9999nyumr1p 0uuua0eng
010 |a ca 08003205  
012 |e n  |k 1  |m 1 
022 |a 0027-996X 
030 |a NAPRAX 
035 |a (OCoLC)01604420 
035 |9 AAE8772AM 
040 |a MUL  |c MUL  |d NSD  |d TXA  |d UtOrBLW 
042 |a nsdp 
049 |a TXAE 
050 0 |a TS1950  |b .N3 
210 0 |a Natl. provis. 
222 4 |a The National provisioner 
245 0 4 |a The National provisioner. 
264 1 |a New York :  |b [The National provisioner publishing co.; etc., etc.],  |c 18. 
310 |a Monthly  |b v. 206, no. 6 (Sept.1992)- 
321 |a Semimonthly  |b  -v. 206, no. 5 (Aug.1992) 
336 |a text  |b txt  |2 rdacontent 
337 |a unmediated  |b n  |2 rdamedia 
338 |a volume  |b nc  |2 rdacarrier 
500 |a Official organ of the American meat packers' association, Oct. 1906- 
510 0 |a Chemical abstracts  |x 0009-2258 
500 |a Editors: J. H. Senner (with J. F. Hobbs, Aug. 1898-July 1902; and others) 
650 0 |a Meat industry and trade  |x Periodicals. 
700 1 |a Senner, Joseph Henry,  |d 1846-1908. 
700 1 |a Hobbs, John F. 
710 2 |a American Meat Institute. 
999 |a MARS 
999 f f |s e47b056c-7a49-396c-ac00-ccf49678004e  |i 33df3632-94d9-30aa-a888-fba313a83f3a  |t 0 
952 f f |a Texas A&M University  |b Rellis Campus  |c Joint Library Facility  |d Remote Storage  |e TS1950 .N3  |h Library of Congress classification  |i unmediated -- volume  |k v.80  |l 1929:Jan.-June  |m A14842008238  |p ric  |s JLF  |t 0 
952 f f |a Texas A&M University  |b Rellis Campus  |c Joint Library Facility  |d Remote Storage  |e TS1950 .N3  |h Library of Congress classification  |i unmediated -- volume  |k v.157  |l 1967:Oct.-Dec.  |m A14842009012  |p ric  |s JLF  |t 0 
952 f f |a Texas A&M University  |b Rellis Campus  |c Joint Library Facility  |d Remote Storage  |e TS1950 .N3  |h Library of Congress classification  |i unmediated -- volume  |k v.175  |l 1976:July-Aug.  |m A14842009541  |p ric  |s JLF  |t 0 
952 f f |a Texas A&M University  |b Rellis Campus  |c Joint Library Facility  |d Remote Storage  |e TS1950 .N3  |h Library of Congress classification  |i unmediated -- volume  |k v.93  |l 1935:July-Dec.  |m A14842008402  |p ric  |s JLF  |t 0 
952 f f |a Texas A&M University  |b Rellis Campus  |c Joint Library Facility  |d Remote Storage  |e TS1950 .N3  |h Library of Congress classification  |i unmediated -- volume  |k v.22  |l 1900:Jan.-June  |m A14842007891  |p ric  |s JLF  |t 0 
952 f f |a Texas A&M University  |b Rellis Campus  |c Joint Library Facility  |d Remote Storage  |e TS1950 .N3  |h Library of Congress classification  |i unmediated -- volume  |k v.36  |l 1907:Jan.-June  |m A14851065152  |p ric  |s JLF  |t 0 
952 f f |a Texas A&M University  |b Rellis Campus  |c Joint Library Facility  |d Remote Storage  |e TS1950 .N3  |h Library of Congress classification  |i unmediated -- volume  |k v.44  |l 1911:Jan.-June  |m A14851065285  |p ric  |s JLF  |t 0 
952 f f |a Texas A&M University  |b Rellis Campus  |c Joint Library Facility  |d Remote Storage  |e TS1950 .N3  |h Library of Congress classification  |i unmediated -- volume  |k v.170  |l 1974:May-June  |m A14842009426  |p ric  |s JLF  |t 0 
952 f f |a Texas A&M University  |b Rellis Campus  |c Joint Library Facility  |d Remote Storage  |e TS1950 .N3  |h Library of Congress classification  |i unmediated -- volume  |k v.88  |l 1933:Mar.-Apr.  |m A14842008345  |p ric  |s JLF  |t 0 
952 f f |a Texas A&M University  |b Rellis Campus  |c Joint Library Facility  |d Remote Storage  |e TS1950 .N3  |h Library of Congress classification  |i unmediated -- volume  |k v.57  |l 1917:July-Dec.  |m A14842008105  |p ric  |s JLF  |t 0 
952 f f |a Texas A&M University  |b Rellis Campus  |c Joint Library Facility  |d Remote Storage  |e TS1950 .N3  |h Library of Congress classification  |i unmediated -- volume  |k v.88  |l 1933:Jan.-Feb.  |m A14842008337  |p ric  |s JLF  |t 0 
952 f f |a Texas A&M University  |b Rellis Campus  |c Joint Library Facility  |d Remote Storage  |e TS1950 .N3  |h Library of Congress classification  |i unmediated -- volume  |k v.88  |l 1933:May-June  |m A14842008352  |p ric  |s JLF  |t 0 
952 f f |a Texas A&M University  |b Rellis Campus  |c Joint Library Facility  |d Remote Storage  |e TS1950 .N3  |h Library of Congress classification  |i unmediated -- volume  |k v.191:no.14-25  |l 1984:Oct.-Dec.  |m A14842009988  |p ric  |s JLF  |t 0 
952 f f |a Texas A&M University  |b Rellis Campus  |c Joint Library Facility  |d Remote Storage  |e TS1950 .N3  |h Library of Congress classification  |i unmediated -- volume  |k v.197:no.14-25  |l 1987:Oct.-Dec.  |m A14842010101  |p ric  |s JLF  |t 0 
952 f f |a Texas A&M University  |b Rellis Campus  |c Joint Library Facility  |d Remote Storage  |e TS1950 .N3  |h Library of Congress classification  |i unmediated -- volume  |k v.98  |l 1938:Jan.-June  |m A14842008469  |p ric  |s JLF  |t 0 
952 f f |a Texas A&M University  |b Rellis Campus  |c Joint Library Facility  |d Remote Storage  |e TS1950 .N3  |h Library of Congress classification  |i unmediated -- volume  |k v.89  |l 1933:July-Dec.  |m A14842008360  |p ric  |s JLF  |t 0 
952 f f |a Texas A&M University  |b Rellis Campus  |c Joint Library Facility  |d Remote Storage  |e TS1950 .N3  |h Library of Congress classification  |i unmediated -- volume  |k v.177  |l 1977:Sept.-Oct.  |m A14842009707  |p ric  |s JLF  |t 0 
952 f f |a Texas A&M University  |b Rellis Campus  |c Joint Library Facility  |d Remote Storage  |e TS1950 .N3  |h Library of Congress classification  |i unmediated -- volume  |k v.42  |l 1910:Jan.-June  |m A14842007958  |p ric  |s JLF  |t 0 
952 f f |a Texas A&M University  |b Rellis Campus  |c Joint Library Facility  |d Remote Storage  |e TS1950 .N3  |h Library of Congress classification  |i unmediated -- volume  |k v.156  |l 1967:Apr.-June  |m A14842009038  |p ric  |s JLF  |t 0 
952 f f |a Texas A&M University  |b Rellis Campus  |c Joint Library Facility  |d Remote Storage  |e TS1950 .N3  |h Library of Congress classification  |i unmediated -- volume  |k v.181  |l 1979:Sept.-Oct.  |m A14842009830  |p ric  |s JLF  |t 0 
952 f f |a Texas A&M University  |b Rellis Campus  |c Joint Library Facility  |d Remote Storage  |e TS1950 .N3  |h Library of Congress classification  |i unmediated -- volume  |k v.171  |l 1974:Sept.-Oct.  |m A14842009442  |p ric  |s JLF  |t 0 
952 f f |a Texas A&M University  |b Rellis Campus  |c Joint Library Facility  |d Remote Storage  |e TS1950 .N3  |h Library of Congress classification  |i unmediated -- volume  |k v.135  |l 1956:July-Dec.  |m A14842008857  |p ric  |s JLF  |t 0 
952 f f |a Texas A&M University  |b Rellis Campus  |c Joint Library Facility  |d Remote Storage  |e TS1950 .N3  |h Library of Congress classification  |i unmediated -- volume  |k v.84  |l 1931:Jan.-June  |m A14842008279  |p ric  |s JLF  |t 0 
952 f f |a Texas A&M University  |b Rellis Campus  |c Joint Library Facility  |d Remote Storage  |e TS1950 .N3  |h Library of Congress classification  |i unmediated -- volume  |k v.160  |l 1969:Jan.-Mar.  |m A14842009202  |p ric  |s JLF  |t 0 
952 f f |a Texas A&M University  |b Rellis Campus  |c Joint Library Facility  |d Remote Storage  |e TS1950 .N3  |h Library of Congress classification  |i unmediated -- volume  |k v.182  |l 1980:Mar.-Apr.  |m A14842009806  |p ric  |s JLF  |t 0 
952 f f |a Texas A&M University  |b Rellis Campus  |c Joint Library Facility  |d Remote Storage  |e TS1950 .N3  |h Library of Congress classification  |i unmediated -- volume  |k v.178  |l 1978:Jan.-Feb.  |m A14842009608  |p ric  |s JLF  |t 0 
952 f f |a Texas A&M University  |b Rellis Campus  |c Joint Library Facility  |d Remote Storage  |e TS1950 .N3  |h Library of Congress classification  |i unmediated -- volume  |k v.201:no.10-18  |l 1989:Sept.-Oct.  |m A14842010184  |p ric  |s JLF  |t 0 
952 f f |a Texas A&M University  |b Rellis Campus  |c Joint Library Facility  |d Remote Storage  |e TS1950 .N3  |h Library of Congress classification  |i unmediated -- volume  |k v.184  |l 1981:Apr.-June  |m A14842009749  |p ric  |s JLF  |t 0 
952 f f |a Texas A&M University  |b Rellis Campus  |c Joint Library Facility  |d Remote Storage  |e TS1950 .N3  |h Library of Congress classification  |i unmediated -- volume  |k v.41  |l 1909:July-Dec.  |m A14842007966  |p ric  |s JLF  |t 0 
952 f f |a Texas A&M University  |b Rellis Campus  |c Joint Library Facility  |d Remote Storage  |e TS1950 .N3  |h Library of Congress classification  |i unmediated -- volume  |k v.179  |l 1978:Nov.-Dec.  |m A14842009640  |p ric  |s JLF  |t 0 
952 f f |a Texas A&M University  |b Rellis Campus  |c Joint Library Facility  |d Remote Storage  |e TS1950 .N3  |h Library of Congress classification  |i unmediated -- volume  |k v.199:no.14-26  |l 1988:Oct.-Dec.  |m A14842009723  |p ric  |s JLF  |t 0 
952 f f |a Texas A&M University  |b Rellis Campus  |c Joint Library Facility  |d Remote Storage  |e TS1950 .N3  |h Library of Congress classification  |i unmediated -- volume  |k v.176  |l 1977:Jan.-Feb.  |m A14842009574  |p ric  |s JLF  |t 0 
952 f f |a Texas A&M University  |b Rellis Campus  |c Joint Library Facility  |d Remote Storage  |e TS1950 .N3  |h Library of Congress classification  |i unmediated -- volume  |k v.185  |l 1981:Oct.-Dec.  |m A14842009954  |p ric  |s JLF  |t 0 
952 f f |a Texas A&M University  |b Rellis Campus  |c Joint Library Facility  |d Remote Storage  |e TS1950 .N3  |h Library of Congress classification  |i unmediated -- volume  |k v.171  |l 1974:July-Aug.  |m A14842009434  |p ric  |s JLF  |t 0 
952 f f |a Texas A&M University  |b Rellis Campus  |c Joint Library Facility  |d Remote Storage  |e TS1950 .N3  |h Library of Congress classification  |i unmediated -- volume  |k v.196:no.14-26  |l 1987:Apr.-June  |m A14842010085  |p ric  |s JLF  |t 0 
952 f f |a Texas A&M University  |b Rellis Campus  |c Joint Library Facility  |d Remote Storage  |e TS1950 .N3  |h Library of Congress classification  |i unmediated -- volume  |k v.49  |l 1913:July-Dec.  |m A14842008147  |p ric  |s JLF  |t 0 
952 f f |a Texas A&M University  |b Rellis Campus  |c Joint Library Facility  |d Remote Storage  |e TS1950 .N3  |h Library of Congress classification  |i unmediated -- volume  |k v.61  |l 1919:July-Dec.  |m A14842008204  |p ric  |s JLF  |t 0 
952 f f |a Texas A&M University  |b Rellis Campus  |c Joint Library Facility  |d Remote Storage  |e TS1950 .N3  |h Library of Congress classification  |i unmediated -- volume  |k v.192:no.1-13  |l 1985:Jan.-Mar.  |m A14842009996  |p ric  |s JLF  |t 0 
952 f f |a Texas A&M University  |b Rellis Campus  |c Joint Library Facility  |d Remote Storage  |e TS1950 .N3  |h Library of Congress classification  |i unmediated -- volume  |k v.167  |l 1972:July-Aug.  |m A14842009251  |p ric  |s JLF  |t 0 
952 f f |a Texas A&M University  |b Rellis Campus  |c Joint Library Facility  |d Remote Storage  |e TS1950 .N3  |h Library of Congress classification  |i unmediated -- volume  |k v.159  |l 1968:July-Sept.  |m A14842009228  |p ric  |s JLF  |t 0 
952 f f |a Texas A&M University  |b Rellis Campus  |c Joint Library Facility  |d Remote Storage  |e TS1950 .N3  |h Library of Congress classification  |i unmediated -- volume  |k v.201:no.19-26  |l 1989:Nov.-Dec.  |m A14842010192  |p ric  |s JLF  |t 0 
952 f f |a Texas A&M University  |b Rellis Campus  |c Joint Library Facility  |d Remote Storage  |e TS1950 .N3  |h Library of Congress classification  |i unmediated -- volume  |k v.104  |l 1941:Jan.-June  |m A14842008642  |p ric  |s JLF  |t 0 
952 f f |a Texas A&M University  |b Rellis Campus  |c Joint Library Facility  |d Remote Storage  |e TS1950 .N3  |h Library of Congress classification  |i unmediated -- volume  |k v.124  |l 1951:Jan.-June  |m A14842008675  |p ric  |s JLF  |t 0 
952 f f |a Texas A&M University  |b Rellis Campus  |c Joint Library Facility  |d Remote Storage  |e TS1950 .N3  |h Library of Congress classification  |i unmediated -- volume  |k v.198:no.14-26  |l 1988:Apr.-June  |m A14842010127  |p ric  |s JLF  |t 0 
952 f f |a Texas A&M University  |b Rellis Campus  |c Joint Library Facility  |d Remote Storage  |e TS1950 .N3  |h Library of Congress classification  |i unmediated -- volume  |k v.158  |l 1968:Jan.-Mar.  |m A14842009244  |p ric  |s JLF  |t 0 
952 f f |a Texas A&M University  |b Rellis Campus  |c Joint Library Facility  |d Remote Storage  |e TS1950 .N3  |h Library of Congress classification  |i unmediated -- volume  |k v.183  |l 1980:Nov.-Dec.  |m A14842009764  |p ric  |s JLF  |t 0 
952 f f |a Texas A&M University  |b Rellis Campus  |c Joint Library Facility  |d Remote Storage  |e TS1950 .N3  |h Library of Congress classification  |i unmediated -- volume  |k v.60  |l 1919:Jan.-June  |m A14842008196  |p ric  |s JLF  |t 0 
952 f f |a Texas A&M University  |b Rellis Campus  |c Joint Library Facility  |d Remote Storage  |e TS1950 .N3  |h Library of Congress classification  |i unmediated -- volume  |k v.38  |l 1908:Jan.-June  |m A14842007990  |p ric  |s JLF  |t 0 
952 f f |a Texas A&M University  |b Rellis Campus  |c Joint Library Facility  |d Remote Storage  |e TS1950 .N3  |h Library of Congress classification  |i unmediated -- volume  |k v.164  |l 1971:Apr.-June  |m A14842009350  |p ric  |s JLF  |t 0 
952 f f |a Texas A&M University  |b Rellis Campus  |c Joint Library Facility  |d Remote Storage  |e TS1950 .N3  |h Library of Congress classification  |i unmediated -- volume  |k v.207:no.7-12  |l 1993:July-Dec.  |m A14842010440  |p ric  |s JLF  |t 0 
952 f f |a Texas A&M University  |b Rellis Campus  |c Joint Library Facility  |d Remote Storage  |e TS1950 .N3  |h Library of Congress classification  |i unmediated -- volume  |k v.25  |l 1901:July-Dec.  |m A14842007867  |p ric  |s JLF  |t 0 
952 f f |a Texas A&M University  |b Rellis Campus  |c Joint Library Facility  |d Remote Storage  |e TS1950 .N3  |h Library of Congress classification  |i unmediated -- volume  |k v.116  |l 1947:Jan.-June  |m A14842008766  |p ric  |s JLF  |t 0 
952 f f |a Texas A&M University  |b Rellis Campus  |c Joint Library Facility  |d Remote Storage  |e TS1950 .N3  |h Library of Congress classification  |i unmediated -- volume  |k v.165  |l 1971:Oct.-Dec.  |m A14842009335  |p ric  |s JLF  |t 0 
952 f f |a Texas A&M University  |b Rellis Campus  |c Joint Library Facility  |d Remote Storage  |e TS1950 .N3  |h Library of Congress classification  |i unmediated -- volume  |k v.35  |l 1906:July-Dec.  |m A14852639468  |p ric  |s JLF  |t 0 
952 f f |a Texas A&M University  |b Rellis Campus  |c Joint Library Facility  |d Remote Storage  |e TS1950 .N3  |h Library of Congress classification  |i unmediated -- volume  |k v.170  |l 1974:Mar.-Apr.  |m A14842009418  |p ric  |s JLF  |t 0 
952 f f |a Texas A&M University  |b Rellis Campus  |c Joint Library Facility  |d Remote Storage  |e TS1950 .N3  |h Library of Congress classification  |i unmediated -- volume  |k v.187  |l 1982:Oct.-Dec.  |m A14842009913  |p ric  |s JLF  |t 0 
952 f f |a Texas A&M University  |b Rellis Campus  |c Joint Library Facility  |d Remote Storage  |e TS1950 .N3  |h Library of Congress classification  |i unmediated -- volume  |k v.204:no.1-10  |l 1991:Jan.-Mar.  |m A14842010291  |p ric  |s JLF  |t 0 
952 f f |a Texas A&M University  |b Rellis Campus  |c Joint Library Facility  |d Remote Storage  |e TS1950 .N3  |h Library of Congress classification  |i unmediated -- volume  |k v.184  |l 1981:Jan.-Mar.  |m A14842009756  |p ric  |s JLF  |t 0 
952 f f |a Texas A&M University  |b Rellis Campus  |c Joint Library Facility  |d Remote Storage  |e TS1950 .N3  |h Library of Congress classification  |i unmediated -- volume  |k v.43  |l 1910:July-Dec.  |m A14852639575  |p ric  |s JLF  |t 0 
952 f f |a Texas A&M University  |b Rellis Campus  |c Joint Library Facility  |d Remote Storage  |e TS1950 .N3  |h Library of Congress classification  |i unmediated -- volume  |k v.96  |l 1937:Jan.-June  |m A14842008485  |p ric  |s JLF  |t 0 
952 f f |a Texas A&M University  |b Rellis Campus  |c Joint Library Facility  |d Remote Storage  |e TS1950 .N3  |h Library of Congress classification  |i unmediated -- volume  |k v.157  |l 1967:July-Sept.  |m A14842009020  |p ric  |s JLF  |t 0 
952 f f |a Texas A&M University  |b Rellis Campus  |c Joint Library Facility  |d Remote Storage  |e TS1950 .N3  |h Library of Congress classification  |i unmediated -- volume  |k v.143  |l 1960:July-Dec.  |m A14842008931  |p ric  |s JLF  |t 0 
952 f f |a Texas A&M University  |b Rellis Campus  |c Joint Library Facility  |d Remote Storage  |e TS1950 .N3  |h Library of Congress classification  |i unmediated -- volume  |k v.99  |l 1938:July-Dec.  |m A14842008451  |p ric  |s JLF  |t 0 
952 f f |a Texas A&M University  |b Rellis Campus  |c Joint Library Facility  |d Remote Storage  |e TS1950 .N3  |h Library of Congress classification  |i unmediated -- volume  |k v.161  |l 1969:Oct.-Dec.  |m A14842009178  |p ric  |s JLF  |t 0 
952 f f |a Texas A&M University  |b Rellis Campus  |c Joint Library Facility  |d Remote Storage  |e TS1950 .N3  |h Library of Congress classification  |i unmediated -- volume  |k v.195:no.14-25  |l 1986:Oct.-Dec.  |m A14842010069  |p ric  |s JLF  |t 0 
952 f f |a Texas A&M University  |b Rellis Campus  |c Joint Library Facility  |d Remote Storage  |e TS1950 .N3  |h Library of Congress classification  |i unmediated -- volume  |k v.101  |l 1939:July-Dec.  |m A14842008436  |p ric  |s JLF  |t 0 
952 f f |a Texas A&M University  |b Rellis Campus  |c Joint Library Facility  |d Remote Storage  |e TS1950 .N3  |h Library of Congress classification  |i unmediated -- volume  |k v.205:no.1-7  |l 1992:Jan.-Mar.  |m A14842010259  |p ric  |s JLF  |t 0 
952 f f |a Texas A&M University  |b Rellis Campus  |c Joint Library Facility  |d Remote Storage  |e TS1950 .N3  |h Library of Congress classification  |i unmediated -- volume  |k v.185  |l 1981:Aug.-Sept.  |m A14842009962  |p ric  |s JLF  |t 0 
952 f f |a Texas A&M University  |b Rellis Campus  |c Joint Library Facility  |d Remote Storage  |e TS1950 .N3  |h Library of Congress classification  |i unmediated -- volume  |k v.171  |l 1974:Nov.-Dec.  |m A14842009459  |p ric  |s JLF  |t 0 
952 f f |a Texas A&M University  |b Rellis Campus  |c Joint Library Facility  |d Remote Storage  |e TS1950 .N3  |h Library of Congress classification  |i unmediated -- volume  |k v.130  |l 1954:Jan.-June  |m A14842008808  |p ric  |s JLF  |t 0 
952 f f |a Texas A&M University  |b Rellis Campus  |c Joint Library Facility  |d Remote Storage  |e TS1950 .N3  |h Library of Congress classification  |i unmediated -- volume  |k v.16  |l 1897:Jan.-June  |m A14842007784  |p ric  |s JLF  |t 0 
952 f f |a Texas A&M University  |b Rellis Campus  |c Joint Library Facility  |d Remote Storage  |e TS1950 .N3  |h Library of Congress classification  |i unmediated -- volume  |k v.111  |l 1944:July-Dec.  |m A14842008576  |p ric  |s JLF  |t 0 
952 f f |a Texas A&M University  |b Rellis Campus  |c Joint Library Facility  |d Remote Storage  |e TS1950 .N3  |h Library of Congress classification  |i unmediated -- volume  |k v.50  |l 1914:Jan.-June  |m A14842008139  |p ric  |s JLF  |t 0 
952 f f |a Texas A&M University  |b Rellis Campus  |c Joint Library Facility  |d Remote Storage  |e TS1950 .N3  |h Library of Congress classification  |i unmediated -- volume  |k v.194:no.14-26  |l 1986:Apr.-June  |m A14842010044  |p ric  |s JLF  |t 0 
952 f f |a Texas A&M University  |b Rellis Campus  |c Joint Library Facility  |d Remote Storage  |e TS1950 .N3  |h Library of Congress classification  |i unmediated -- volume  |k v.152  |l 1965:Jan.-Mar.  |m A14842009111  |p ric  |s JLF  |t 0 
952 f f |a Texas A&M University  |b Rellis Campus  |c Joint Library Facility  |d Remote Storage  |e TS1950 .N3  |h Library of Congress classification  |i unmediated -- volume  |k v.173  |l 1975:July-Aug.  |m A14842009483  |p ric  |s JLF  |t 0 
952 f f |a Texas A&M University  |b Rellis Campus  |c Joint Library Facility  |d Remote Storage  |e TS1950 .N3  |h Library of Congress classification  |i unmediated -- volume  |k v.166  |l 1972:Jan.-Mar.  |m A14842009327  |p ric  |s JLF  |t 0 
952 f f |a Texas A&M University  |b Rellis Campus  |c Joint Library Facility  |d Remote Storage  |e TS1950 .N3  |h Library of Congress classification  |i unmediated -- volume  |k v.159  |l 1968:Oct.-Dec.  |m A14842009210  |p ric  |s JLF  |t 0 
952 f f |a Texas A&M University  |b Rellis Campus  |c Joint Library Facility  |d Remote Storage  |e TS1950 .N3  |h Library of Congress classification  |i unmediated -- volume  |k v.187  |l 1982:July-Sept.  |m A14842009921  |p ric  |s JLF  |t 0 
952 f f |a Texas A&M University  |b Rellis Campus  |c Joint Library Facility  |d Remote Storage  |e TS1950 .N3  |h Library of Congress classification  |i unmediated -- volume  |k v.102  |l 1940:Jan.-June  |m A14842008428  |p ric  |s JLF  |t 0 
952 f f |a Texas A&M University  |b Rellis Campus  |c Joint Library Facility  |d Remote Storage  |e TS1950 .N3  |h Library of Congress classification  |i unmediated -- volume  |k v.85  |l 1931:July-Dec.  |m A14842008287  |p ric  |s JLF  |t 0 
952 f f |a Texas A&M University  |b Rellis Campus  |c Joint Library Facility  |d Remote Storage  |e TS1950 .N3  |h Library of Congress classification  |i unmediated -- volume  |k v.153  |l 1965:July-Dec.  |m A14842009095  |p ric  |s JLF  |t 0 
952 f f |a Texas A&M University  |b Rellis Campus  |c Joint Library Facility  |d Remote Storage  |e TS1950 .N3  |h Library of Congress classification  |i unmediated -- volume  |k v.144  |l 1961:Jan.-June  |m A14842008949  |p ric  |s JLF  |t 0 
952 f f |a Texas A&M University  |b Rellis Campus  |c Joint Library Facility  |d Remote Storage  |e TS1950 .N3  |h Library of Congress classification  |i unmediated -- volume  |k v.56  |l 1917:Jan.-June  |m A14842008097  |p ric  |s JLF  |t 0 
952 f f |a Texas A&M University  |b Rellis Campus  |c Joint Library Facility  |d Remote Storage  |e TS1950 .N3  |h Library of Congress classification  |i unmediated -- volume  |k v.127  |l 1952:July-Dec.  |m A14842008774  |p ric  |s JLF  |t 0 
952 f f |a Texas A&M University  |b Rellis Campus  |c Joint Library Facility  |d Remote Storage  |e TS1950 .N3  |h Library of Congress classification  |i unmediated -- volume  |k v.126  |l 1952:Jan.-June  |m A14842008691  |p ric  |s JLF  |t 0 
952 f f |a Texas A&M University  |b Rellis Campus  |c Joint Library Facility  |d Remote Storage  |e TS1950 .N3  |h Library of Congress classification  |i unmediated -- volume  |k v.105  |l 1941:July-Dec.  |m A14842008634  |p ric  |s JLF  |t 0 
952 f f |a Texas A&M University  |b Rellis Campus  |c Joint Library Facility  |d Remote Storage  |e TS1950 .N3  |h Library of Congress classification  |i unmediated -- volume  |k v.92  |l 1935:Jan.-June  |m A14842008394  |p ric  |s JLF  |t 0 
952 f f |a Texas A&M University  |b Rellis Campus  |c Joint Library Facility  |d Remote Storage  |e TS1950 .N3  |h Library of Congress classification  |i unmediated -- volume  |k v.117  |l 1947:July-Dec.  |m A14842008758  |p ric  |s JLF  |t 0 
952 f f |a Texas A&M University  |b Rellis Campus  |c Joint Library Facility  |d Remote Storage  |e TS1950 .N3  |h Library of Congress classification  |i unmediated -- volume  |k v.100  |l 1939:Jan.-June  |m A14842008444  |p ric  |s JLF  |t 0 
952 f f |a Texas A&M University  |b Rellis Campus  |c Joint Library Facility  |d Remote Storage  |e TS1950 .N3  |h Library of Congress classification  |i unmediated -- volume  |k v.162  |l 1970:Jan.-Mar.  |m A14842009160  |p ric  |s JLF  |t 0 
952 f f |a Texas A&M University  |b Rellis Campus  |c Joint Library Facility  |d Remote Storage  |e TS1950 .N3  |h Library of Congress classification  |i unmediated -- volume  |k v.156  |l 1967:Jan.-Mar.  |m A14842009046  |p ric  |s JLF  |t 0 
952 f f |a Texas A&M University  |b Rellis Campus  |c Joint Library Facility  |d Remote Storage  |e TS1950 .N3  |h Library of Congress classification  |i unmediated -- volume  |k v.134  |l 1956:Jan.-June  |m A14842008840  |p ric  |s JLF  |t 0 
952 f f |a Texas A&M University  |b Rellis Campus  |c Joint Library Facility  |d Remote Storage  |e TS1950 .N3  |h Library of Congress classification  |i unmediated -- volume  |k v.129  |l 1953:July-Dec.  |m A14842008790  |p ric  |s JLF  |t 0 
952 f f |a Texas A&M University  |b Rellis Campus  |c Joint Library Facility  |d Remote Storage  |e TS1950 .N3  |h Library of Congress classification  |i unmediated -- volume  |k v.97  |l 1937:July-Dec.  |m A14842008477  |p ric  |s JLF  |t 0 
952 f f |a Texas A&M University  |b Rellis Campus  |c Joint Library Facility  |d Remote Storage  |e TS1950 .N3  |h Library of Congress classification  |i unmediated -- volume  |k v.37  |l 1907:July-Dec.  |m A14842008006  |p ric  |s JLF  |t 0 
952 f f |a Texas A&M University  |b Rellis Campus  |c Joint Library Facility  |d Remote Storage  |e TS1950 .N3  |h Library of Congress classification  |i unmediated -- volume  |k v.168  |l 1973:Mar.-Apr.  |m A14842009293  |p ric  |s JLF  |t 0 
952 f f |a Texas A&M University  |b Rellis Campus  |c Joint Library Facility  |d Remote Storage  |e TS1950 .N3  |h Library of Congress classification  |i unmediated -- volume  |k v.145  |l 1961:July-Dec.  |m A14842008956  |p ric  |s JLF  |t 0 
952 f f |a Texas A&M University  |b Rellis Campus  |c Joint Library Facility  |d Remote Storage  |e TS1950 .N3  |h Library of Congress classification  |i unmediated -- volume  |k v.204:no.11-17  |l 1991:Apr.-June  |m A14842010283  |p ric  |s JLF  |t 0 
952 f f |a Texas A&M University  |b Rellis Campus  |c Joint Library Facility  |d Remote Storage  |e TS1950 .N3  |h Library of Congress classification  |i unmediated -- volume  |k v.147  |l 1962:July-Dec.  |m A14842008972  |p ric  |s JLF  |t 0 
952 f f |a Texas A&M University  |b Rellis Campus  |c Joint Library Facility  |d Remote Storage  |e TS1950 .N3  |h Library of Congress classification  |i unmediated -- volume  |k v.192:no.14-26  |l 1985:Apr.-June  |m A14842010002  |p ric  |s JLF  |t 0 
952 f f |a Texas A&M University  |b Rellis Campus  |c Joint Library Facility  |d Remote Storage  |e TS1950 .N3  |h Library of Congress classification  |i unmediated -- volume  |k v.55  |l 1916:July-Dec.  |m A14842008113  |p ric  |s JLF  |t 0 
952 f f |a Texas A&M University  |b Rellis Campus  |c Joint Library Facility  |d Remote Storage  |e TS1950 .N3  |h Library of Congress classification  |i unmediated -- volume  |k v.193:no.1-13  |l 1985:July-Sept.  |m A14842010010  |p ric  |s JLF  |t 0 
952 f f |a Texas A&M University  |b Rellis Campus  |c Joint Library Facility  |d Remote Storage  |e TS1950 .N3  |h Library of Congress classification  |i unmediated -- volume  |k v.194:no.1-13  |l 1986:Jan.-Mar.  |m A14842010036  |p ric  |s JLF  |t 0 
952 f f |a Texas A&M University  |b Rellis Campus  |c Joint Library Facility  |d Remote Storage  |e TS1950 .N3  |h Library of Congress classification  |i unmediated -- volume  |k v.58  |l 1918:Jan.-June  |m A14842008188  |p ric  |s JLF  |t 0 
952 f f |a Texas A&M University  |b Rellis Campus  |c Joint Library Facility  |d Remote Storage  |e TS1950 .N3  |h Library of Congress classification  |i unmediated -- volume  |k v.154  |l 1966:Apr.-June  |m A14842009079  |p ric  |s JLF  |t 0 
952 f f |a Texas A&M University  |b Rellis Campus  |c Joint Library Facility  |d Remote Storage  |e TS1950 .N3  |h Library of Congress classification  |i unmediated -- volume  |k v.169  |l 1973:July-Aug.  |m A14842009376  |p ric  |s JLF  |t 0 
952 f f |a Texas A&M University  |b Rellis Campus  |c Joint Library Facility  |d Remote Storage  |e TS1950 .N3  |h Library of Congress classification  |i unmediated -- volume  |k v.107  |l 1942:July-Dec.  |m A14842008618  |p ric  |s JLF  |t 0 
952 f f |a Texas A&M University  |b Rellis Campus  |c Joint Library Facility  |d Remote Storage  |e TS1950 .N3  |h Library of Congress classification  |i unmediated -- volume  |k v.150  |l 1964:Jan.-June  |m A14842009004  |p ric  |s JLF  |t 0 
952 f f |a Texas A&M University  |b Rellis Campus  |c Joint Library Facility  |d Remote Storage  |e TS1950 .N3  |h Library of Congress classification  |i unmediated -- volume  |k v.206:no.1-6  |l 1992:July-Sept.  |m A14842010234  |p ric  |s JLF  |t 0 
952 f f |a Texas A&M University  |b Rellis Campus  |c Joint Library Facility  |d Remote Storage  |e TS1950 .N3  |h Library of Congress classification  |i unmediated -- volume  |k v.108  |l 1943:Jan.-June  |m A14842008600  |p ric  |s JLF  |t 0 
952 f f |a Texas A&M University  |b Rellis Campus  |c Joint Library Facility  |d Remote Storage  |e TS1950 .N3  |h Library of Congress classification  |i unmediated -- volume  |k v.178  |l 1978:Mar.-Apr.  |m A14842009681  |p ric  |s JLF  |t 0 
952 f f |a Texas A&M University  |b Rellis Campus  |c Joint Library Facility  |d Remote Storage  |e TS1950 .N3  |h Library of Congress classification  |i unmediated -- volume  |k v.48  |l 1913:Jan.-June  |m A14842008154  |p ric  |s JLF  |t 0 
952 f f |a Texas A&M University  |b Rellis Campus  |c Joint Library Facility  |d Remote Storage  |e TS1950 .N3  |h Library of Congress classification  |i unmediated -- volume  |k v.200:no.1-9  |l 1989:Jan.-Feb.  |m A14842010143  |p ric  |s JLF  |t 0 
952 f f |a Texas A&M University  |b Rellis Campus  |c Joint Library Facility  |d Remote Storage  |e TS1950 .N3  |h Library of Congress classification  |i unmediated -- volume  |k v.87  |l 1932:Nov.-Dec.  |m A14842008329  |p ric  |s JLF  |t 0 
952 f f |a Texas A&M University  |b Rellis Campus  |c Joint Library Facility  |d Remote Storage  |e TS1950 .N3  |h Library of Congress classification  |i unmediated -- volume  |k v.200:no.19-25  |l 1989:May-June  |m A14842010168  |p ric  |s JLF  |t 0 
952 f f |a Texas A&M University  |b Rellis Campus  |c Joint Library Facility  |d Remote Storage  |e TS1950 .N3  |h Library of Congress classification  |i unmediated -- volume  |k v.163  |l 1970:July-Sept.  |m A14842009145  |p ric  |s JLF  |t 0 
952 f f |a Texas A&M University  |b Rellis Campus  |c Joint Library Facility  |d Remote Storage  |e TS1950 .N3  |h Library of Congress classification  |i unmediated -- volume  |k v.18  |l 1898:Jan.-June  |m A14842007800  |p ric  |s JLF  |t 0 
952 f f |a Texas A&M University  |b Rellis Campus  |c Joint Library Facility  |d Remote Storage  |e TS1950 .N3  |h Library of Congress classification  |i unmediated -- volume  |k v.86  |l 1932:Jan.-June  |m A14842008295  |p ric  |s JLF  |t 0 
952 f f |a Texas A&M University  |b Rellis Campus  |c Joint Library Facility  |d Remote Storage  |e TS1950 .N3  |h Library of Congress classification  |i unmediated -- volume  |k v.167  |l 1972:Sept.-Oct.  |m A14842009269  |p ric  |s JLF  |t 0 
952 f f |a Texas A&M University  |b Rellis Campus  |c Joint Library Facility  |d Remote Storage  |e TS1950 .N3  |h Library of Congress classification  |i unmediated -- volume  |k v.185  |l 1981:July  |m A14842009731  |p ric  |s JLF  |t 0 
952 f f |a Texas A&M University  |b Rellis Campus  |c Joint Library Facility  |d Remote Storage  |e TS1950 .N3  |h Library of Congress classification  |i unmediated -- volume  |k v.15  |l 1896:July-Dec.  |m A14842007776  |p ric  |s JLF  |t 0 
952 f f |a Texas A&M University  |b Rellis Campus  |c Joint Library Facility  |d Remote Storage  |e TS1950 .N3  |h Library of Congress classification  |i unmediated -- volume  |k v.207:no.1-6  |l 1993:Jan.-June  |m A14842010218  |p ric  |s JLF  |t 0 
952 f f |a Texas A&M University  |b Rellis Campus  |c Joint Library Facility  |d Remote Storage  |e TS1950 .N3  |h Library of Congress classification  |i unmediated -- volume  |k v.125  |l 1951:July-Dec.  |m A14842008683  |p ric  |s JLF  |t 0 
952 f f |a Texas A&M University  |b Rellis Campus  |c Joint Library Facility  |d Remote Storage  |e TS1950 .N3  |h Library of Congress classification  |i unmediated -- volume  |k v.21  |l 1899:July-Dec.  |m A14842007909  |p ric  |s JLF  |t 0 
952 f f |a Texas A&M University  |b Rellis Campus  |c Joint Library Facility  |d Remote Storage  |e TS1950 .N3  |h Library of Congress classification  |i unmediated -- volume  |k v.177  |l 1977:Nov.-Dec.  |m A14842009699  |p ric  |s JLF  |t 0 
952 f f |a Texas A&M University  |b Rellis Campus  |c Joint Library Facility  |d Remote Storage  |e TS1950 .N3  |h Library of Congress classification  |i unmediated -- volume  |k v.166  |l 1972:Apr.-June  |m A14842009319  |p ric  |s JLF  |t 0 
952 f f |a Texas A&M University  |b Rellis Campus  |c Joint Library Facility  |d Remote Storage  |e TS1950 .N3  |h Library of Congress classification  |i unmediated -- volume  |k v.206:no.7-9  |l 1992:Oct.-Dec.  |m A14842010226  |p ric  |s JLF  |t 0 
952 f f |a Texas A&M University  |b Rellis Campus  |c Joint Library Facility  |d Remote Storage  |e TS1950 .N3  |h Library of Congress classification  |i unmediated -- volume  |k v.174  |l 1976:Mar.-Apr.  |m A14842009525  |p ric  |s JLF  |t 0 
952 f f |a Texas A&M University  |b Rellis Campus  |c Joint Library Facility  |d Remote Storage  |e TS1950 .N3  |h Library of Congress classification  |i unmediated -- volume  |k v.140  |l 1959:Jan.-June  |m A14842008907  |p ric  |s JLF  |t 0 
952 f f |a Texas A&M University  |b Rellis Campus  |c Joint Library Facility  |d Remote Storage  |e TS1950 .N3  |h Library of Congress classification  |i unmediated -- volume  |k v.23  |l 1900:July-Dec.  |m A14842007883  |p ric  |s JLF  |t 0 
952 f f |a Texas A&M University  |b Rellis Campus  |c Joint Library Facility  |d Remote Storage  |e TS1950 .N3  |h Library of Congress classification  |i unmediated -- volume  |k v.90  |l 1934:Jan.-June  |m A14842008378  |p ric  |s JLF  |t 0 
952 f f |a Texas A&M University  |b Rellis Campus  |c Joint Library Facility  |d Remote Storage  |e TS1950 .N3  |h Library of Congress classification  |i unmediated -- volume  |k v.174  |l 1976:May-June  |m A14842009533  |p ric  |s JLF  |t 0 
952 f f |a Texas A&M University  |b Rellis Campus  |c Joint Library Facility  |d Remote Storage  |e TS1950 .N3  |h Library of Congress classification  |i unmediated -- volume  |k v.87  |l 1932:Sept.-Oct.  |m A14842008311  |p ric  |s JLF  |t 0 
952 f f |a Texas A&M University  |b Rellis Campus  |c Joint Library Facility  |d Remote Storage  |e TS1950 .N3  |h Library of Congress classification  |i unmediated -- volume  |k v.182  |l 1980:Jan.-Feb.  |m A14842009814  |p ric  |s JLF  |t 0 
952 f f |a Texas A&M University  |b Rellis Campus  |c Joint Library Facility  |d Remote Storage  |e TS1950 .N3  |h Library of Congress classification  |i unmediated -- volume  |k v.151  |l 1964:July-Dec.  |m A14842009129  |p ric  |s JLF  |t 0 
952 f f |a Texas A&M University  |b Rellis Campus  |c Joint Library Facility  |d Remote Storage  |e TS1950 .N3  |h Library of Congress classification  |i unmediated -- volume  |k v.109  |l 1943:July-Dec.  |m A14842008592  |p ric  |s JLF  |t 0 
952 f f |a Texas A&M University  |b Rellis Campus  |c Joint Library Facility  |d Remote Storage  |e TS1950 .N3  |h Library of Congress classification  |i unmediated -- volume  |k v.167  |l 1972:Nov.-Dec.  |m A14842009277  |p ric  |s JLF  |t 0 
952 f f |a Texas A&M University  |b Rellis Campus  |c Joint Library Facility  |d Remote Storage  |e TS1950 .N3  |h Library of Congress classification  |i unmediated -- volume  |k v.24  |l 1901:Jan.-June  |m A14842007875  |p ric  |s JLF  |t 0 
952 f f |a Texas A&M University  |b Rellis Campus  |c Joint Library Facility  |d Remote Storage  |e TS1950 .N3  |h Library of Congress classification  |i unmediated -- volume  |k v.176  |l 1977:Mar.-Apr.  |m A14842009582  |p ric  |s JLF  |t 0 
952 f f |a Texas A&M University  |b Rellis Campus  |c Joint Library Facility  |d Remote Storage  |e TS1950 .N3  |h Library of Congress classification  |i unmediated -- volume  |k v.155  |l 1966:Oct.-Dec.  |m A14842009053  |p ric  |s JLF  |t 0 
952 f f |a Texas A&M University  |b Rellis Campus  |c Joint Library Facility  |d Remote Storage  |e TS1950 .N3  |h Library of Congress classification  |i unmediated -- volume  |k v.198:no.1-13  |l 1988:Jan.-Mar.  |m A14842010119  |p ric  |s JLF  |t 0 
952 f f |a Texas A&M University  |b Rellis Campus  |c Joint Library Facility  |d Remote Storage  |e TS1950 .N3  |h Library of Congress classification  |i unmediated -- volume  |k v.164  |l 1971:Jan.-Mar.  |m A14842009368  |p ric  |s JLF  |t 0 
952 f f |a Texas A&M University  |b Rellis Campus  |c Joint Library Facility  |d Remote Storage  |e TS1950 .N3  |h Library of Congress classification  |i unmediated -- volume  |k v.110  |l 1944:Jan.-June  |m A14842008584  |p ric  |s JLF  |t 0 
952 f f |a Texas A&M University  |b Rellis Campus  |c Joint Library Facility  |d Remote Storage  |e TS1950 .N3  |h Library of Congress classification  |i unmediated -- volume  |k v.95  |l 1936:July-Dec.  |m A14842008493  |p ric  |s JLF  |t 0 
952 f f |a Texas A&M University  |b Rellis Campus  |c Joint Library Facility  |d Remote Storage  |e TS1950 .N3  |h Library of Congress classification  |i unmediated -- volume  |k v.183  |l 1980:July-Aug.  |m A14842009780  |p ric  |s JLF  |t 0 
952 f f |a Texas A&M University  |b Rellis Campus  |c Joint Library Facility  |d Remote Storage  |e TS1950 .N3  |h Library of Congress classification  |i unmediated -- volume  |k v.62  |l 1920:Jan.-June  |m A14842008212  |p ric  |s JLF  |t 0 
952 f f |a Texas A&M University  |b Rellis Campus  |c Joint Library Facility  |d Remote Storage  |e TS1950 .N3  |h Library of Congress classification  |i unmediated -- volume  |k v.120  |l 1949:Mar.-Apr.  |m A14842008717  |p ric  |s JLF  |t 0 
952 f f |a Texas A&M University  |b Rellis Campus  |c Joint Library Facility  |d Remote Storage  |e TS1950 .N3  |h Library of Congress classification  |i unmediated -- volume  |k v.208:no.1-7  |l 1994:Jan.-June  |m A14842010432  |p ric  |s JLF  |t 0 
952 f f |a Texas A&M University  |b Rellis Campus  |c Joint Library Facility  |d Remote Storage  |e TS1950 .N3  |h Library of Congress classification  |i unmediated -- volume  |k v.161  |l 1969:July-Sept.  |m A14842009186  |p ric  |s JLF  |t 0 
952 f f |a Texas A&M University  |b Rellis Campus  |c Joint Library Facility  |d Remote Storage  |e TS1950 .N3  |h Library of Congress classification  |i unmediated -- volume  |k v.19  |l 1898:July-Dec.  |m A14842007925  |p ric  |s JLF  |t 0 
952 f f |a Texas A&M University  |b Rellis Campus  |c Joint Library Facility  |d Remote Storage  |e TS1950 .N3  |h Library of Congress classification  |i unmediated -- volume  |k v.148  |l 1963:Jan.-June  |m A14842008980  |p ric  |s JLF  |t 0 
952 f f |a Texas A&M University  |b Rellis Campus  |c Joint Library Facility  |d Remote Storage  |e TS1950 .N3  |h Library of Congress classification  |i unmediated -- volume  |k v.138  |l 1958:Jan.-June  |m A14842008881  |p ric  |s JLF  |t 0 
952 f f |a Texas A&M University  |b Rellis Campus  |c Joint Library Facility  |d Remote Storage  |e TS1950 .N3  |h Library of Congress classification  |i unmediated -- volume  |k v.204:no.18-24  |l 1991:July-Sept.  |m A14842010275  |p ric  |s JLF  |t 0 
952 f f |a Texas A&M University  |b Rellis Campus  |c Joint Library Facility  |d Remote Storage  |e TS1950 .N3  |h Library of Congress classification  |i unmediated -- volume  |k v.146  |l 1962:Jan.-June  |m A14842008964  |p ric  |s JLF  |t 0 
952 f f |a Texas A&M University  |b Rellis Campus  |c Joint Library Facility  |d Remote Storage  |e TS1950 .N3  |h Library of Congress classification  |i unmediated -- volume  |k v.205:no.8-12  |l 1992:Apr.-June  |m A14842010242  |p ric  |s JLF  |t 0 
952 f f |a Texas A&M University  |b Rellis Campus  |c Joint Library Facility  |d Remote Storage  |e TS1950 .N3  |h Library of Congress classification  |i unmediated -- volume  |k v.141  |l 1959:July-Dec.  |m A14842008915  |p ric  |s JLF  |t 0 
952 f f |a Texas A&M University  |b Rellis Campus  |c Joint Library Facility  |d Remote Storage  |e TS1950 .N3  |h Library of Congress classification  |i unmediated -- volume  |k v.203:no.13-24  |l 1990:Oct.-Dec.  |m A14842010309  |p ric  |s JLF  |t 0 
952 f f |a Texas A&M University  |b Rellis Campus  |c Joint Library Facility  |d Remote Storage  |e TS1950 .N3  |h Library of Congress classification  |i unmediated -- volume  |k v.183  |l 1980:Sept.-Oct.  |m A14842009772  |p ric  |s JLF  |t 0 
952 f f |a Texas A&M University  |b Rellis Campus  |c Joint Library Facility  |d Remote Storage  |e TS1950 .N3  |h Library of Congress classification  |i unmediated -- volume  |k v.94  |l 1936:Jan.-Feb.  |m A14842008527  |p ric  |s JLF  |t 0 
952 f f |a Texas A&M University  |b Rellis Campus  |c Joint Library Facility  |d Remote Storage  |e TS1950 .N3  |h Library of Congress classification  |i unmediated -- volume  |k v.82  |l 1930:Jan.-June  |m A14842008253  |p ric  |s JLF  |t 0 
952 f f |a Texas A&M University  |b Rellis Campus  |c Joint Library Facility  |d Remote Storage  |e TS1950 .N3  |h Library of Congress classification  |i unmediated -- volume  |k v.152  |l 1965:Apr.-June  |m A14842009103  |p ric  |s JLF  |t 0 
952 f f |a Texas A&M University  |b Rellis Campus  |c Joint Library Facility  |d Remote Storage  |e TS1950 .N3  |h Library of Congress classification  |i unmediated -- volume  |k v.87  |l 1932:July-Aug.  |m A14842008303  |p ric  |s JLF  |t 0 
952 f f |a Texas A&M University  |b Rellis Campus  |c Joint Library Facility  |d Remote Storage  |e TS1950 .N3  |h Library of Congress classification  |i unmediated -- volume  |k v.47  |l 1912:July-Dec.  |m A14842008162  |p ric  |s JLF  |t 0 
952 f f |a Texas A&M University  |b Rellis Campus  |c Joint Library Facility  |d Remote Storage  |e TS1950 .N3  |h Library of Congress classification  |i unmediated -- volume  |k v.204:no.25-31  |l 1991:Oct.-Dec.  |m A14842010267  |p ric  |s JLF  |t 0 
952 f f |a Texas A&M University  |b Rellis Campus  |c Joint Library Facility  |d Remote Storage  |e TS1950 .N3  |h Library of Congress classification  |i unmediated -- volume  |k v.94  |l 1936:May-June  |m A14842008501  |p ric  |s JLF  |t 0 
952 f f |a Texas A&M University  |b Rellis Campus  |c Joint Library Facility  |d Remote Storage  |e TS1950 .N3  |h Library of Congress classification  |i unmediated -- volume  |k v.103  |l 1940:July-Dec.  |m A14842008410  |p ric  |s JLF  |t 0 
952 f f |a Texas A&M University  |b Rellis Campus  |c Joint Library Facility  |d Remote Storage  |e TS1950 .N3  |h Library of Congress classification  |i unmediated -- volume  |k v.128  |l 1953:Jan.-June  |m A14842008782  |p ric  |s JLF  |t 0 
952 f f |a Texas A&M University  |b Rellis Campus  |c Joint Library Facility  |d Remote Storage  |e TS1950 .N3  |h Library of Congress classification  |i unmediated -- volume  |k v.180  |l 1979:May-June  |m A14842009616  |p ric  |s JLF  |t 0 
952 f f |a Texas A&M University  |b Rellis Campus  |c Joint Library Facility  |d Remote Storage  |e TS1950 .N3  |h Library of Congress classification  |i unmediated -- volume  |k v.182  |l 1980:May-June  |m A14842009798  |p ric  |s JLF  |t 0 
952 f f |a Texas A&M University  |b Rellis Campus  |c Joint Library Facility  |d Remote Storage  |e TS1950 .N3  |h Library of Congress classification  |i unmediated -- volume  |k v.115  |l 1946:July-Dec.  |m A14842008535  |p ric  |s JLF  |t 0 
952 f f |a Texas A&M University  |b Rellis Campus  |c Joint Library Facility  |d Remote Storage  |e TS1950 .N3  |h Library of Congress classification  |i unmediated -- volume  |k v.136  |l 1957:Jan.-June  |m A14842008865  |p ric  |s JLF  |t 0 
952 f f |a Texas A&M University  |b Rellis Campus  |c Joint Library Facility  |d Remote Storage  |e TS1950 .N3  |h Library of Congress classification  |i unmediated -- volume  |k v.81  |l 1929:July-Dec.  |m A14842008246  |p ric  |s JLF  |t 0 
952 f f |a Texas A&M University  |b Rellis Campus  |c Joint Library Facility  |d Remote Storage  |e TS1950 .N3  |h Library of Congress classification  |i unmediated -- volume  |k v.34  |l 1906:Jan.-June  |m A14842008014  |p ric  |s JLF  |t 0 
952 f f |a Texas A&M University  |b Rellis Campus  |c Joint Library Facility  |d Remote Storage  |e TS1950 .N3  |h Library of Congress classification  |i unmediated -- volume  |k v.154  |l 1966:Jan.-Mar.  |m A14842009087  |p ric  |s JLF  |t 0 
952 f f |a Texas A&M University  |b Rellis Campus  |c Joint Library Facility  |d Remote Storage  |e TS1950 .N3  |h Library of Congress classification  |i unmediated -- volume  |k v.137  |l 1957:July-Dec.  |m A14842008873  |p ric  |s JLF  |t 0 
952 f f |a Texas A&M University  |b Rellis Campus  |c Joint Library Facility  |d Remote Storage  |e TS1950 .N3  |h Library of Congress classification  |i unmediated -- volume  |k v.155  |l 1966:July-Sept.  |m A14842009061  |p ric  |s JLF  |t 0 
952 f f |a Texas A&M University  |b Rellis Campus  |c Joint Library Facility  |d Remote Storage  |e TS1950 .N3  |h Library of Congress classification  |i unmediated -- volume  |k v.118  |l 1948:Jan.-June  |m A14842008741  |p ric  |s JLF  |t 0 
952 f f |a Texas A&M University  |b Rellis Campus  |c Joint Library Facility  |d Remote Storage  |e TS1950 .N3  |h Library of Congress classification  |i unmediated -- volume  |k v.172  |l 1975:Jan.-Mar.  |m A14842009467  |p ric  |s JLF  |t 0 
952 f f |a Texas A&M University  |b Rellis Campus  |c Joint Library Facility  |d Remote Storage  |e TS1950 .N3  |h Library of Congress classification  |i unmediated -- volume  |k v.188  |l 1983:Apr.-June  |m A14842009905  |p ric  |s JLF  |t 0 
952 f f |a Texas A&M University  |b Rellis Campus  |c Joint Library Facility  |d Remote Storage  |e TS1950 .N3  |h Library of Congress classification  |i unmediated -- volume  |k v.188  |l 1983:Jan.-Mar.  |m A14842009897  |p ric  |s JLF  |t 0 
952 f f |a Texas A&M University  |b Rellis Campus  |c Joint Library Facility  |d Remote Storage  |e TS1950 .N3  |h Library of Congress classification  |i unmediated -- volume  |k v.163  |l 1970:Oct.-Dec.  |m A14842009137  |p ric  |s JLF  |t 0 
952 f f |a Texas A&M University  |b Rellis Campus  |c Joint Library Facility  |d Remote Storage  |e TS1950 .N3  |h Library of Congress classification  |i unmediated -- volume  |k v.168  |l 1973:May-June  |m A14842009301  |p ric  |s JLF  |t 0 
952 f f |a Texas A&M University  |b Rellis Campus  |c Joint Library Facility  |d Remote Storage  |e TS1950 .N3  |h Library of Congress classification  |i unmediated -- volume  |k v.132  |l 1955:Jan.-June  |m A14842008824  |p ric  |s JLF  |t 0 
952 f f |a Texas A&M University  |b Rellis Campus  |c Joint Library Facility  |d Remote Storage  |e TS1950 .N3  |h Library of Congress classification  |i unmediated -- volume  |k v.160  |l 1969:Apr.-June  |m A14842009194  |p ric  |s JLF  |t 0 
952 f f |a Texas A&M University  |b Rellis Campus  |c Joint Library Facility  |d Remote Storage  |e TS1950 .N3  |h Library of Congress classification  |i unmediated -- volume  |k v.59  |l 1918:July-Dec.  |m A14842008170  |p ric  |s JLF  |t 0 
952 f f |a Texas A&M University  |b Rellis Campus  |c Joint Library Facility  |d Remote Storage  |e TS1950 .N3  |h Library of Congress classification  |i unmediated -- volume  |k v.180  |l 1979:Jan.-Feb.  |m A14842009632  |p ric  |s JLF  |t 0 
952 f f |a Texas A&M University  |b Rellis Campus  |c Joint Library Facility  |d Remote Storage  |e TS1950 .N3  |h Library of Congress classification  |i unmediated -- volume  |k v.197:no.1-13  |l 1987:July-Sept.  |m A14842010093  |p ric  |s JLF  |t 0 
952 f f |a Texas A&M University  |b Rellis Campus  |c Joint Library Facility  |d Remote Storage  |e TS1950 .N3  |h Library of Congress classification  |i unmediated -- volume  |k v.83  |l 1930:July-Dec.  |m A14842008261  |p ric  |s JLF  |t 0 
952 f f |a Texas A&M University  |b Rellis Campus  |c Joint Library Facility  |d Remote Storage  |e TS1950 .N3  |h Library of Congress classification  |i unmediated -- volume  |k v.29  |l 1903:July-Dec.  |m A14842007826  |p ric  |s JLF  |t 0 
952 f f |a Texas A&M University  |b Rellis Campus  |c Joint Library Facility  |d Remote Storage  |e TS1950 .N3  |h Library of Congress classification  |i unmediated -- volume  |k v.176  |l 1977:May-June  |m A14842009590  |p ric  |s JLF  |t 0 
952 f f |a Texas A&M University  |b Rellis Campus  |c Joint Library Facility  |d Remote Storage  |e TS1950 .N3  |h Library of Congress classification  |i unmediated -- volume  |k v.189  |l 1983:Oct.-Dec.  |m A14842009863  |p ric  |s JLF  |t 0 
952 f f |a Texas A&M University  |b Rellis Campus  |c Joint Library Facility  |d Remote Storage  |e TS1950 .N3  |h Library of Congress classification  |i unmediated -- volume  |k v.45  |l 1911:July-Dec.  |m A14851065145  |p ric  |s JLF  |t 0 
952 f f |a Texas A&M University  |b Rellis Campus  |c Joint Library Facility  |d Remote Storage  |e TS1950 .N3  |h Library of Congress classification  |i unmediated -- volume  |k v.174  |l 1976:Jan.-Feb.  |m A14842009517  |p ric  |s JLF  |t 0 
952 f f |a Texas A&M University  |b Rellis Campus  |c Joint Library Facility  |d Remote Storage  |e TS1950 .N3  |h Library of Congress classification  |i unmediated -- volume  |k v.191:no.1-13  |l 1984:July-Sept.  |m A14842009970  |p ric  |s JLF  |t 0 
952 f f |a Texas A&M University  |b Rellis Campus  |c Joint Library Facility  |d Remote Storage  |e TS1950 .N3  |h Library of Congress classification  |i unmediated -- volume  |k v.149  |l 1963:July-Dec.  |m A14842008998  |p ric  |s JLF  |t 0 
952 f f |a Texas A&M University  |b Rellis Campus  |c Joint Library Facility  |d Remote Storage  |e TS1950 .N3  |h Library of Congress classification  |i unmediated -- volume  |k v.179  |l 1978:Sept.-Oct.  |m A14842009657  |p ric  |s JLF  |t 0 
952 f f |a Texas A&M University  |b Rellis Campus  |c Joint Library Facility  |d Remote Storage  |e TS1950 .N3  |h Library of Congress classification  |i unmediated -- volume  |k v.79  |l 1928:July-Dec.  |m A14842008220  |p ric  |s JLF  |t 0 
952 f f |a Texas A&M University  |b Rellis Campus  |c Joint Library Facility  |d Remote Storage  |e TS1950 .N3  |h Library of Congress classification  |i unmediated -- volume  |k v.195:no.1-13  |l 1986:July-Sept.  |m A14842010051  |p ric  |s JLF  |t 0 
952 f f |a Texas A&M University  |b Rellis Campus  |c Joint Library Facility  |d Remote Storage  |e TS1950 .N3  |h Library of Congress classification  |i unmediated -- volume  |k v.193:no.14-26  |l 1985:Oct.-Dec.  |m A14842010028  |p ric  |s JLF  |t 0 
952 f f |a Texas A&M University  |b Rellis Campus  |c Joint Library Facility  |d Remote Storage  |e TS1950 .N3  |h Library of Congress classification  |i unmediated -- volume  |k v.173  |l 1975:Nov.-Dec.  |m A14842009509  |p ric  |s JLF  |t 0 
952 f f |a Texas A&M University  |b Rellis Campus  |c Joint Library Facility  |d Remote Storage  |e TS1950 .N3  |h Library of Congress classification  |i unmediated -- volume  |k v.186  |l 1982:Apr.-June  |m A14842009939  |p ric  |s JLF  |t 0 
952 f f |a Texas A&M University  |b Rellis Campus  |c Joint Library Facility  |d Remote Storage  |e TS1950 .N3  |h Library of Congress classification  |i unmediated -- volume  |k v.114  |l 1946:Jan.-June  |m A14842008543  |p ric  |s JLF  |t 0 
952 f f |a Texas A&M University  |b Rellis Campus  |c Joint Library Facility  |d Remote Storage  |e TS1950 .N3  |h Library of Congress classification  |i unmediated -- volume  |k v.122  |l 1950:Jan.-June  |m A14842008659  |p ric  |s JLF  |t 0 
952 f f |a Texas A&M University  |b Rellis Campus  |c Joint Library Facility  |d Remote Storage  |e TS1950 .N3  |h Library of Congress classification  |i unmediated -- volume  |k v.201:no.1-9  |l 1989:July-Aug.  |m A14842010176  |p ric  |s JLF  |t 0 
952 f f |a Texas A&M University  |b Rellis Campus  |c Joint Library Facility  |d Remote Storage  |e TS1950 .N3  |h Library of Congress classification  |i unmediated -- volume  |k v.30  |l 1904:Jan.-June  |m A14842007818  |p ric  |s JLF  |t 0 
952 f f |a Texas A&M University  |b Rellis Campus  |c Joint Library Facility  |d Remote Storage  |e TS1950 .N3  |h Library of Congress classification  |i unmediated -- volume  |k v.112  |l 1945:Jan.-June  |m A14842008568  |p ric  |s JLF  |t 0 
952 f f |a Texas A&M University  |b Rellis Campus  |c Joint Library Facility  |d Remote Storage  |e TS1950 .N3  |h Library of Congress classification  |i unmediated -- volume  |k v.196:no.1-13  |l 1987:Jan.-Mar.  |m A14842010077  |p ric  |s JLF  |t 0 
952 f f |a Texas A&M University  |b Rellis Campus  |c Joint Library Facility  |d Remote Storage  |e TS1950 .N3  |h Library of Congress classification  |i unmediated -- volume  |k v.178  |l 1978:May-June  |m A14842009673  |p ric  |s JLF  |t 0 
952 f f |a Texas A&M University  |b Rellis Campus  |c Joint Library Facility  |d Remote Storage  |e TS1950 .N3  |h Library of Congress classification  |i unmediated -- volume  |k v.26  |l 1902:Jan.-June  |m A14842007859  |p ric  |s JLF  |t 0 
952 f f |a Texas A&M University  |b Rellis Campus  |c Joint Library Facility  |d Remote Storage  |e TS1950 .N3  |h Library of Congress classification  |i unmediated -- volume  |k v.20  |l 1899:Jan-June  |m A14842007917  |p ric  |s JLF  |t 0 
952 f f |a Texas A&M University  |b Rellis Campus  |c Joint Library Facility  |d Remote Storage  |e TS1950 .N3  |h Library of Congress classification  |i unmediated -- volume  |k v.139  |l 1958:July-Dec.  |m A14842008899  |p ric  |s JLF  |t 0 
952 f f |a Texas A&M University  |b Rellis Campus  |c Joint Library Facility  |d Remote Storage  |e TS1950 .N3  |h Library of Congress classification  |i unmediated -- volume  |k v.169  |l 1973:Nov.-Dec.  |m A14842009392  |p ric  |s JLF  |t 0 
952 f f |a Texas A&M University  |b Rellis Campus  |c Joint Library Facility  |d Remote Storage  |e TS1950 .N3  |h Library of Congress classification  |i unmediated -- volume  |k v.40  |l 1909:Jan.-June  |m A14842007974  |p ric  |s JLF  |t 0 
952 f f |a Texas A&M University  |b Rellis Campus  |c Joint Library Facility  |d Remote Storage  |e TS1950 .N3  |h Library of Congress classification  |i unmediated -- volume  |k v.175  |l 1976:Nov.-Dec.  |m A14842009566  |p ric  |s JLF  |t 0 
952 f f |a Texas A&M University  |b Rellis Campus  |c Joint Library Facility  |d Remote Storage  |e TS1950 .N3  |h Library of Congress classification  |i unmediated -- volume  |k v.170  |l 1974:Jan.-Feb.  |m A14842009400  |p ric  |s JLF  |t 0 
952 f f |a Texas A&M University  |b Rellis Campus  |c Joint Library Facility  |d Remote Storage  |e TS1950 .N3  |h Library of Congress classification  |i unmediated -- volume  |k v.202:no.14-27  |l 1990:Apr.-July  |m A14842010325  |p ric  |s JLF  |t 0 
952 f f |a Texas A&M University  |b Rellis Campus  |c Joint Library Facility  |d Remote Storage  |e TS1950 .N3  |h Library of Congress classification  |i unmediated -- volume  |k v.181  |l 1979:July-Aug.  |m A14842009848  |p ric  |s JLF  |t 0 
952 f f |a Texas A&M University  |b Rellis Campus  |c Joint Library Facility  |d Remote Storage  |e TS1950 .N3  |h Library of Congress classification  |i unmediated -- volume  |k v.52  |l 1915:Jan.-Dec.  |m A14842008121  |p ric  |s JLF  |t 0 
952 f f |a Texas A&M University  |b Rellis Campus  |c Joint Library Facility  |d Remote Storage  |e TS1950 .N3  |h Library of Congress classification  |i unmediated -- volume  |k v.173  |l 1975:Sept.-Oct.  |m A14842009491  |p ric  |s JLF  |t 0 
952 f f |a Texas A&M University  |b Rellis Campus  |c Joint Library Facility  |d Remote Storage  |e TS1950 .N3  |h Library of Congress classification  |i unmediated -- volume  |k v.91  |l 1934:July-Dec.  |m A14842008386  |p ric  |s JLF  |t 0 
952 f f |a Texas A&M University  |b Rellis Campus  |c Joint Library Facility  |d Remote Storage  |e TS1950 .N3  |h Library of Congress classification  |i unmediated -- volume  |k v.200:no.9-18  |l 1989:Mar.-May  |m A14842010150  |p ric  |s JLF  |t 0 
952 f f |a Texas A&M University  |b Rellis Campus  |c Joint Library Facility  |d Remote Storage  |e TS1950 .N3  |h Library of Congress classification  |i unmediated -- volume  |k v.33  |l 1905:July-Dec.  |m A14842008022  |p ric  |s JLF  |t 0 
952 f f |a Texas A&M University  |b Rellis Campus  |c Joint Library Facility  |d Remote Storage  |e TS1950 .N3  |h Library of Congress classification  |i unmediated -- volume  |k v.106  |l 1942:Jan.-June  |m A14842008626  |p ric  |s JLF  |t 0 
952 f f |a Texas A&M University  |b Rellis Campus  |c Joint Library Facility  |d Remote Storage  |e TS1950 .N3  |h Library of Congress classification  |i unmediated -- volume  |k v.162  |l 1970:Apr.-June  |m A14842009152  |p ric  |s JLF  |t 0 
952 f f |a Texas A&M University  |b Rellis Campus  |c Joint Library Facility  |d Remote Storage  |e TS1950 .N3  |h Library of Congress classification  |i unmediated -- volume  |k v.158  |l 1968:Apr.-June  |m A14842009236  |p ric  |s JLF  |t 0 
952 f f |a Texas A&M University  |b Rellis Campus  |c Joint Library Facility  |d Remote Storage  |e TS1950 .N3  |h Library of Congress classification  |i unmediated -- volume  |k v.119  |l 1948:July-Dec.  |m A14842008733  |p ric  |s JLF  |t 0 
952 f f |a Texas A&M University  |b Rellis Campus  |c Joint Library Facility  |d Remote Storage  |e TS1950 .N3  |h Library of Congress classification  |i unmediated -- volume  |k v.203:no.1-12  |l 1990:July-Oct.  |m A14842010317  |p ric  |s JLF  |t 0 
952 f f |a Texas A&M University  |b Rellis Campus  |c Joint Library Facility  |d Remote Storage  |e TS1950 .N3  |h Library of Congress classification  |i unmediated -- volume  |k v.172  |l 1975:Apr.-June  |m A14842009475  |p ric  |s JLF  |t 0 
952 f f |a Texas A&M University  |b Rellis Campus  |c Joint Library Facility  |d Remote Storage  |e TS1950 .N3  |h Library of Congress classification  |i unmediated -- volume  |k v.39  |l 1908:July-Dec.  |m A14842007982  |p ric  |s JLF  |t 0 
952 f f |a Texas A&M University  |b Rellis Campus  |c Joint Library Facility  |d Remote Storage  |e TS1950 .N3  |h Library of Congress classification  |i unmediated -- volume  |k v.133  |l 1955:July-Dec.  |m A14842008832  |p ric  |s JLF  |t 0 
952 f f |a Texas A&M University  |b Rellis Campus  |c Joint Library Facility  |d Remote Storage  |e TS1950 .N3  |h Library of Congress classification  |i unmediated -- volume  |k v.190  |l 1984:Jan.-Mar.  |m A14842009871  |p ric  |s JLF  |t 0 
952 f f |a Texas A&M University  |b Rellis Campus  |c Joint Library Facility  |d Remote Storage  |e TS1950 .N3  |h Library of Congress classification  |i unmediated -- volume  |k v.123  |l 1950:July-Dec.  |m A14842008667  |p ric  |s JLF  |t 0 
952 f f |a Texas A&M University  |b Rellis Campus  |c Joint Library Facility  |d Remote Storage  |e TS1950 .N3  |h Library of Congress classification  |i unmediated -- volume  |k v.181  |l 1979:Nov.-Dec.  |m A14842009822  |p ric  |s JLF  |t 0 
952 f f |a Texas A&M University  |b Rellis Campus  |c Joint Library Facility  |d Remote Storage  |e TS1950 .N3  |h Library of Congress classification  |i unmediated -- volume  |k v.31  |l 1904:July-Dec.  |m A14842008048  |p ric  |s JLF  |t 0 
952 f f |a Texas A&M University  |b Rellis Campus  |c Joint Library Facility  |d Remote Storage  |e TS1950 .N3  |h Library of Congress classification  |i unmediated -- volume  |k v.177  |l 1977:July-Aug.  |m A14842009715  |p ric  |s JLF  |t 0 
952 f f |a Texas A&M University  |b Rellis Campus  |c Joint Library Facility  |d Remote Storage  |e TS1950 .N3  |h Library of Congress classification  |i unmediated -- volume  |k v.17  |l 1897:July-Dec.  |m A14842007792  |p ric  |s JLF  |t 0 
952 f f |a Texas A&M University  |b Rellis Campus  |c Joint Library Facility  |d Remote Storage  |e TS1950 .N3  |h Library of Congress classification  |i unmediated -- volume  |k v.190  |l 1984:Apr.-June  |m A14842009889  |p ric  |s JLF  |t 0 
952 f f |a Texas A&M University  |b Rellis Campus  |c Joint Library Facility  |d Remote Storage  |e TS1950 .N3  |h Library of Congress classification  |i unmediated -- volume  |k v.202:no.1-13  |l 1990:Jan.-Apr.  |m A14842010200  |p ric  |s JLF  |t 0 
952 f f |a Texas A&M University  |b Rellis Campus  |c Joint Library Facility  |d Remote Storage  |e TS1950 .N3  |h Library of Congress classification  |i unmediated -- volume  |k v.28  |l 1903:Jan.-June  |m A14842007834  |p ric  |s JLF  |t 0 
952 f f |a Texas A&M University  |b Rellis Campus  |c Joint Library Facility  |d Remote Storage  |e TS1950 .N3  |h Library of Congress classification  |i unmediated -- volume  |k v.168  |l 1973:Jan.-Feb.  |m A14842009285  |p ric  |s JLF  |t 0 
952 f f |a Texas A&M University  |b Rellis Campus  |c Joint Library Facility  |d Remote Storage  |e TS1950 .N3  |h Library of Congress classification  |i unmediated -- volume  |k v.32  |l 1905:Jan.-June  |m A14842008030  |p ric  |s JLF  |t 0 
952 f f |a Texas A&M University  |b Rellis Campus  |c Joint Library Facility  |d Remote Storage  |e TS1950 .N3  |h Library of Congress classification  |i unmediated -- volume  |k v.180  |l 1979:Mar.-Apr.  |m A14842009624  |p ric  |s JLF  |t 0 
952 f f |a Texas A&M University  |b Rellis Campus  |c Joint Library Facility  |d Remote Storage  |e TS1950 .N3  |h Library of Congress classification  |i unmediated -- volume  |k v.199:no.1-13  |l 1988:July-Sept.  |m A14842010135  |p ric  |s JLF  |t 0 
952 f f |a Texas A&M University  |b Rellis Campus  |c Joint Library Facility  |d Remote Storage  |e TS1950 .N3  |h Library of Congress classification  |i unmediated -- volume  |k v.179  |l 1978:July-Aug.  |m A14842009665  |p ric  |s JLF  |t 0 
952 f f |a Texas A&M University  |b Rellis Campus  |c Joint Library Facility  |d Remote Storage  |e TS1950 .N3  |h Library of Congress classification  |i unmediated -- volume  |k v.175  |l 1976:Sept.-Oct.  |m A14842009558  |p ric  |s JLF  |t 0 
952 f f |a Texas A&M University  |b Rellis Campus  |c Joint Library Facility  |d Remote Storage  |e TS1950 .N3  |h Library of Congress classification  |i unmediated -- volume  |k v.189  |l 1983:July-Sept.  |m A14842009855  |p ric  |s JLF  |t 0 
952 f f |a Texas A&M University  |b Rellis Campus  |c Joint Library Facility  |d Remote Storage  |e TS1950 .N3  |h Library of Congress classification  |i unmediated -- volume  |k v.27  |l 1902:July-Dec.  |m A14842007842  |p ric  |s JLF  |t 0 
952 f f |a Texas A&M University  |b Rellis Campus  |c Joint Library Facility  |d Remote Storage  |e TS1950 .N3  |h Library of Congress classification  |i unmediated -- volume  |k v.46  |l 1912:Jan.-June  |m A14842007933  |p ric  |s JLF  |t 0 
952 f f |a Texas A&M University  |b Rellis Campus  |c Joint Library Facility  |d Remote Storage  |e TS1950 .N3  |h Library of Congress classification  |i unmediated -- volume  |k v.169  |l 1973:Sept.-Oct.  |m A14842009384  |p ric  |s JLF  |t 0 
952 f f |a Texas A&M University  |b Rellis Campus  |c Joint Library Facility  |d Remote Storage  |e TS1950 .N3  |h Library of Congress classification  |i unmediated -- volume  |k v.12  |l 1895:July-Dec.  |m A14841225250  |p ric  |s JLF  |t 0 
952 f f |a Texas A&M University  |b Rellis Campus  |c Joint Library Facility  |d Remote Storage  |e TS1950 .N3  |h Library of Congress classification  |i unmediated -- volume  |k v.165  |l 1971:July-Sept.  |m A14842009343  |p ric  |s JLF  |t 0 
952 f f |a Texas A&M University  |b Rellis Campus  |c Joint Library Facility  |d Remote Storage  |e TS1950 .N3  |h Library of Congress classification  |i unmediated -- volume  |k v.121  |l 1949:Nov.-Dec.  |m A14842008709  |p ric  |s JLF  |t 0 
952 f f |a Texas A&M University  |b Rellis Campus  |c Joint Library Facility  |d Remote Storage  |e TS1950 .N3  |h Library of Congress classification  |i unmediated -- volume  |k v.94  |l 1936:Mar.-Apr.  |m A14842008519  |p ric  |s JLF  |t 0 
952 f f |a Texas A&M University  |b Rellis Campus  |c Joint Library Facility  |d Remote Storage  |e TS1950 .N3  |h Library of Congress classification  |i unmediated -- volume  |k v.113  |l 1945:July-Dec.  |m A14842008550  |p ric  |s JLF  |t 0 
952 f f |a Texas A&M University  |b Rellis Campus  |c Joint Library Facility  |d Remote Storage  |e TS1950 .N3  |h Library of Congress classification  |i unmediated -- volume  |k v.131  |l 1954:July-Dec.  |m A14842008816  |p ric  |s JLF  |t 0 
952 f f |a Texas A&M University  |b Rellis Campus  |c Joint Library Facility  |d Remote Storage  |e TS1950 .N3  |h Library of Congress classification  |i unmediated -- volume  |k v.186  |l 1982:Jan.-Mar.  |m A14842009947  |p ric  |s JLF  |t 0 
952 f f |a Texas A&M University  |b Rellis Campus  |c Joint Library Facility  |d Remote Storage  |e TS1950 .N3  |h Library of Congress classification  |i unmediated -- volume  |k v.142  |l 1960:Jan.-June  |m A14842008923  |p ric  |s JLF  |t 0 
998 f f |a TS1950 .N3  |s v.208:no.1-4,6 (1994:Jan.-Apr.,Dec.)  |t 0  |l Remote Storage